000 00836nam a2200253Ia 4500
003 OSt
005 20220925221655.0
006 a|||||r|||| 00| 0
007 ta
008 220923b |||||||| |||| 00| 0 eng d
020 _a978026529006
_c1319.6800000000001
037 _b1030171, 08/03/2016, Atlantic Publisher & Distributers
_cGeneral Book
040 _aRTL
_cRTL
_beng
041 _2eng
_aeng
082 _aY9(T4):(G:55), Q4
100 _aTHOMASHOW Mitchell
_9286902
245 0 _aNine elements of a sustainable campus
260 _aLondon
_bMIT Press
_c2014
300 _axii, 236p
_ccm.
500 _aBibliography: 170-171p.
650 _aEconomics
942 _hY9(T4):(G:55), Q4
_cGB
_2CC
999 _c575047
_d575047